[Event "Troy (TCC/A/2/9)"]
[Site "?"]
[Date "1993.??.??"]
[Round "?"]
[White "Bauerle, Paul"]
[Black "Lubben, Don"]
[Result "1-0"]
[WhiteElo "1940"]
[BlackElo "1850"]
[PlyCount "55"]
[EventDate "1993.??.??"]

{2/(9)} 1. d4 e6 2. c4 Nf6 3. Nc3 d5 4. Nf3 Be7 5. Bg5 h6 6. Bxf6 Bxf6 7. e3 c6
8. Be2 O-O 9. O-O Nd7 10. a4 dxc4 11. Bxc4 Nb6 12. Bd3 Nd5 13. Rc1 Bd7 14. Re1
Rc8 15. Ne4 Be7 16. Ne5 Nf6 17. Nc5 Qc7 18. f4 Bxc5 19. dxc5 Rcd8 20. Bb1 Bc8
21. Qc2 Rd5 22. Ng4 Ne4 23. Qxe4 f5 24. Qc2 fxg4 25. Qh7+ Kf7 26. Bg6+ Kf6 27.
e4 Qxf4 28. Rf1 1-0

[Event "East Lansing (MI Op/6/24)"]
[Site "?"]
[Date "1993.??.??"]
[Round "?"]
[White "Bauerle, Paul"]
[Black "Kruskie, Jerry"]
[Result "1-0"]
[WhiteElo "1940"]
[BlackElo "1845"]
[PlyCount "57"]
[EventDate "1993.??.??"]

{6/(24)} 1. d4 Nf6 2. c4 e6 3. Nc3 Bb4 4. a3 Bxc3+ 5. bxc3 O-O 6. e3 d6 7. Bd3
c5 8. e4 e5 9. d5 h6 10. Ne2 Nbd7 11. O-O Re8 12. Ng3 Nf8 13. f4 exf4 14. Rxf4
Ng6 15. Rf1 Ne5 16. h3 Bd7 17. Ra2 Kh7 18. Raf2 Rf8 19. Rxf6 gxf6 20. Qh5 Rh8
21. Bxh6 Kg8 22. Nf5 Bxf5 23. Rxf5 Rxh6 24. Qxh6 Ng6 25. Rh5 Qe8 26. e5 dxe5
27. Bxg6 fxg6 28. Qh8+ Kf7 29. Rh7# 1-0

[Event "East Lansing (MI Op/3/16)"]
[Site "?"]
[Date "1993.??.??"]
[Round "?"]
[White "Bauerle, Paul"]
[Black "Kitts, Gary"]
[Result "1/2-1/2"]
[WhiteElo "1940"]
[BlackElo "2055"]
[PlyCount "31"]
[EventDate "1993.??.??"]

{3/(16)} 1. d4 Nf6 2. c4 g6 3. Nc3 d5 4. cxd5 Nxd5 5. e4 Nxc3 6. bxc3 c5 7. Bc4
Bg7 8. Be3 O-O 9. Ne2 Nc6 10. O-O Qc7 11. Rc1 Na5 12. Bd3 b6 13. d5 Nb7 14. c4
Nd6 15. f4 e6 16. e5 1/2-1/2

[Event "Ann Arbor (HV Mini)"]
[Site "?"]
[Date "1993.??.??"]
[Round "?"]
[White "Bauerle, Paul"]
[Black "Jordan, Willie"]
[Result "1-0"]
[WhiteElo "1930"]
[BlackElo "1800"]
[PlyCount "79"]
[EventDate "1993.??.??"]

1. d4 Nf6 2. c4 e6 3. Nc3 Bb4 4. a3 Bxc3+ 5. bxc3 O-O 6. e3 b6 7. Bd3 Bb7 8. f3
d6 9. Ne2 c5 10. e4 e5 11. d5 Nbd7 12. Ng3 Re8 13. O-O Nf8 14. f4 exf4 15. Bxf4
Ng6 16. Bg5 h6 17. Bxf6 gxf6 18. Nh5 Re5 19. Ra2 Rxh5 20. Qxh5 Kg7 21. Raf2 Qe7
22. Rf3 Qe5 23. Qxe5 dxe5 24. Rxf6 Nf4 25. R6xf4 exf4 26. Rxf4 f6 27. Kf2 Re8
28. Kg3 Bc8 29. Kh4 Re5 30. Rf3 Kf7 31. g4 Bd7 32. Kg3 Rg5 33. Rf4 h5 34. Be2
hxg4 35. Bxg4 Ba4 36. h4 Re5 37. Bf5 Bb3 38. h5 Kg7 39. Rg4+ Kh8 40. h6 1-0

[Event "Flint (Class A/1)"]
[Site "?"]
[Date "1993.??.??"]
[Round "?"]
[White "Bauerle, Paul"]
[Black "Haakonstad, Olaf"]
[Result "1-0"]
[WhiteElo "1930"]
[BlackElo "1850"]
[PlyCount "59"]
[EventDate "1993.??.??"]

1. d4 Nf6 2. c4 e6 3. Nc3 Bb4 4. a3 Bxc3+ 5. bxc3 c5 6. e3 b6 7. Bd3 Bb7 8. f3
O-O 9. Ne2 d5 10. O-O Nbd7 11. Qc2 Rc8 12. a4 Qc7 13. Ba3 Rfe8 14. Rac1 e5 15.
cxd5 Nxd5 16. Qd2 exd4 17. exd4 N7f6 18. Rfe1 Qd7 19. Bb5 Bc6 20. c4 Bxb5 21.
axb5 Ne3 22. d5 Nf5 23. Bb2 Kh8 24. Ng3 Nxg3 25. hxg3 Qd6 26. Qg5 h6 27. Qh4
Nd7 28. f4 Rcd8 29. Re6 fxe6 30. Qxh6+ 1-0

[Event "Flint (Class A/3)"]
[Site "?"]
[Date "1993.??.??"]
[Round "?"]
[White "Bauerle, Paul"]
[Black "Gaiefsky, Mike"]
[Result "1/2-1/2"]
[WhiteElo "1930"]
[BlackElo "1815"]
[PlyCount "90"]
[EventDate "1993.??.??"]

1. d4 Nf6 2. c4 g6 3. Nc3 Bg7 4. e4 d6 5. Nf3 O-O 6. Be2 Nbd7 7. O-O e5 8. Re1
exd4 9. Nxd4 Re8 10. Bf1 Nc5 11. f3 Ne6 12. Be3 Nh5 13. Nce2 a6 14. Qd2 c5 15.
Nb3 a5 16. Rad1 a4 17. Nbc1 Ra6 18. g4 Nf6 19. Nd3 Nd7 20. f4 Nd4 21. Bxd4 cxd4
22. Nf2 Nf6 23. Nxd4 Nxg4 24. Nb5 Qh4 25. Nxg4 Bxg4 26. Nxd6 Rd8 27. c5 Rc6 28.
Rc1 b6 29. Qd5 Bd4+ 30. Qxd4 bxc5 31. Qf2 Qxf2+ 32. Kxf2 Rcxd6 33. Rxc5 Rd2+
34. Kg3 Bd1 35. Bc4 R8d4 36. Rc7 Rd7 37. Rxd7 Rxd7 38. b4 axb3 39. axb3 Bxb3
40. Bxb3 Rd3+ 41. Kg4 Rxb3 42. Kg5 Kg7 43. e5 h6+ 44. Kg4 Rb2 45. h4 Rb3
1/2-1/2

[Event "East Lansing (MI Op/4/17)"]
[Site "?"]
[Date "1993.??.??"]
[Round "?"]
[White "Bauerle, Paul"]
[Black "Baze, Lineas"]
[Result "1/2-1/2"]
[WhiteElo "1940"]
[BlackElo "2085"]
[PlyCount "81"]
[EventDate "1993.??.??"]

{4/(17)} 1. d4 Nf6 2. c4 g6 3. Nc3 Bg7 4. e4 d6 5. Nf3 O-O 6. Be2 e5 7. O-O Nc6
8. d5 Ne7 9. Ne1 Nd7 10. Be3 a5 11. Nd3 b6 12. a3 Ba6 13. Nb5 f5 14. f3 Nc5 15.
b4 fxe4 16. Nxc5 bxc5 17. bxc5 exf3 18. Bxf3 Nf5 19. Bd2 Bxb5 20. cxb5 Qh4 21.
Bg4 e4 22. Bxf5 Bd4+ 23. Kh1 Rxf5 24. Rxf5 gxf5 25. Rc1 Bxc5 26. Rc3 f4 27. Rh3
Qf2 28. Bc3 f3 29. gxf3 Rf8 30. Rg3+ Kf7 31. Bg7 Rg8 32. fxe4 Ke8 33. Qh5+ Qf7
34. Qxf7+ Kxf7 35. Bc3 Rxg3 36. hxg3 a4 37. Ba5 Bxa3 38. Bxc7 Bc5 39. Ba5 a3
40. Bc3 Ke7 41. Kg2 1/2-1/2

[Event "Troy (TCC/M/5/2)"]
[Site "?"]
[Date "1993.??.??"]
[Round "?"]
[White "Basin, Leonid"]
[Black "Tsemekhman, Vadim"]
[Result "1-0"]
[WhiteElo "2485"]
[BlackElo "2435"]
[PlyCount "67"]
[EventDate "1993.??.??"]

{5/(2)} 1. d4 Nf6 2. c4 g6 3. Nc3 Bg7 4. e4 d6 5. Be2 O-O 6. Nf3 e5 7. O-O Na6
8. Be3 Ng4 9. Bg5 Qe8 10. dxe5 dxe5 11. h3 Nf6 12. Be3 b6 13. Nd2 Bb7 14. Qb1
Nd7 15. b4 f5 16. f3 Rd8 17. Rd1 fxe4 18. Ndxe4 Nf6 19. c5 Rxd1+ 20. Qxd1 Nxe4
21. Qb3+ Kh8 22. Nxe4 Nb8 23. Rc1 b5 24. c6 Nxc6 25. Bxb5 a6 26. Bxc6 Bxc6 27.
Qc4 Bxe4 28. Qxe4 Qa4 29. Rxc7 Qxa2 30. Kh2 Qb2 31. Ra7 Rb8 32. Ra8 Rg8 33.
Rxg8+ Kxg8 34. Qa8+ 1-0

[Event "East Lansing (MI Op/2/2)"]
[Site "?"]
[Date "1993.??.??"]
[Round "?"]
[White "Basin, Leonid"]
[Black "Moody, David"]
[Result "1-0"]
[WhiteElo "2485"]
[BlackElo "2070"]
[PlyCount "97"]
[EventDate "1993.??.??"]

{2/(2)} 1. e4 e5 2. Nf3 Nc6 3. Bb5 a6 4. Ba4 Nf6 5. O-O Be7 6. Qe2 b5 7. Bb3
O-O 8. c3 d5 9. d3 Bb7 10. Bg5 dxe4 11. dxe4 Qd7 12. Rd1 Qg4 13. h3 Qxe4 14.
Qxe4 Nxe4 15. Bxe7 Nxe7 16. Rd7 Ng6 17. Rxc7 Nd6 18. a4 Bxf3 19. gxf3 Nf4 20.
axb5 axb5 21. Rxa8 Rxa8 22. Nd2 Rd8 23. h4 Kh8 24. Ne4 Nxe4 25. fxe4 f6 26. Bd5
h6 27. Rc5 Rb8 28. b4 Kh7 29. Bf7 Rd8 30. h5 Rd1+ 31. Kh2 Rd3 32. Rc8 Rh3+ 33.
Kg1 Nxh5 34. Be6 Rd3 35. Bf5+ g6 36. Rc7+ Kg8 37. Bxg6 Nf4 38. Bf7+ Kh8 39. c4
Rb3 40. cxb5 Rxb4 41. Bc4 h5 42. Rc6 h4 43. b6 Rb1+ 44. Kh2 Rb2 45. Bd5 Rxf2+
46. Kg1 Rg2+ 47. Kh1 h3 48. b7 Nh5 49. b8=Q+ 1-0

[Event "East Lansing (MI Op/6/5)"]
[Site "?"]
[Date "1993.??.??"]
[Round "?"]
[White "Basin, Leonid"]
[Black "Mazuchowski, Tom"]
[Result "1/2-1/2"]
[WhiteElo "2485"]
[BlackElo "2100"]
[PlyCount "51"]
[EventDate "1993.??.??"]

{6/(5)} 1. d4 Nf6 2. Nf3 g6 3. c4 Bg7 4. Nc3 O-O 5. g3 d6 6. Bg2 Nc6 7. O-O e5
8. d5 Ne7 9. c5 e4 10. cxd6 Qxd6 11. Ng5 Nexd5 12. Ngxe4 Nxc3 13. Nxd6 Nxd1 14.
Nxc8 Raxc8 15. Rxd1 c6 16. e4 Rfe8 17. f3 b6 18. a4 Rcd8 19. Be3 Nd7 20. Bg5 f6
21. Bf4 Ne5 22. Bd2 Nc4 23. Bc3 Ne3 24. Rxd8 Rxd8 25. a5 Nd1 26. axb6 1/2-1/2

[Event "East Lansing (MI Op/4/3)"]
[Site "?"]
[Date "1993.??.??"]
[Round "?"]
[White "Basin, Leonid"]
[Black "Linn, Peter"]
[Result "1-0"]
[WhiteElo "2485"]
[BlackElo "2100"]
[PlyCount "41"]
[EventDate "1993.??.??"]

{4/(3)} 1. d4 e6 2. c4 f5 3. g3 Nf6 4. Bg2 Bb4+ 5. Bd2 Qe7 6. Nf3 O-O 7. O-O
Ne4 8. Be3 c6 9. c5 Ba5 10. Nbd2 Nxd2 11. Nxd2 Bc7 12. Nc4 b6 13. Qd2 Ba6 14.
Bg5 Qf7 15. Nd6 Bxd6 16. cxd6 h6 17. Bf4 g5 18. Be5 f4 19. gxf4 gxf4 20. Be4
Qh5 21. Kh1 1-0

[Event "Troy (TCC/B/5/7)"]
[Site "?"]
[Date "1993.??.??"]
[Round "?"]
[White "Basas, J."]
[Black "Smalec, John"]
[Result "0-1"]
[WhiteElo "1650"]
[BlackElo "1700"]
[PlyCount "66"]
[EventDate "1993.??.??"]

{5/(7)} 1. e4 e6 2. d4 d5 3. Nc3 Bb4 4. a3 Bxc3+ 5. bxc3 dxe4 6. Qg4 Nf6 7.
Qxg7 Rg8 8. Qh6 Rg6 9. Qe3 Nc6 10. Ne2 Qd5 11. Nf4 Qa5 12. Bd2 Rg8 13. g3 Bd7
14. Bg2 O-O-O 15. O-O h5 16. h4 e5 17. Ne2 exd4 18. cxd4 Qd5 19. Rfc1 Qc4 20.
c3 Ng4 21. Qxe4 Rge8 22. Qf4 Qxe2 23. Bf1 Qe4 24. Qg5 Qf3 25. Bg2 Qxf2+ 26. Kh1
Re2 27. Rg1 Rxd2 28. Raf1 Qxg3 29. Qf4 Qxf4 30. Rxf4 f5 31. Rgf1 Re8 32. d5 Ne7
33. c4 Ng6 0-1

[Event "Lansing (MI Am/3)"]
[Site "?"]
[Date "1993.??.??"]
[Round "?"]
[White "Basas, J."]
[Black "Rosenberg, Steve"]
[Result "0-1"]
[WhiteElo "1655"]
[BlackElo "1740"]
[PlyCount "75"]
[EventDate "1993.??.??"]

1. d4 Nf6 2. c4 g6 3. Nc3 Bg7 4. e4 d6 5. Nf3 O-O 6. Bd3 Nbd7 7. Be3 e5 8. b4
Ng4 9. Bg5 f6 10. Bh4 exd4 11. Nxd4 Nde5 12. Be2 Qe8 13. h3 Nh6 14. O-O Nc6 15.
Nxc6 bxc6 16. Qc2 f5 17. Rae1 Qe5 18. Nd1 Qxe4 19. Qxe4 fxe4 20. Ne3 Nf5 21.
Nxf5 Bxf5 22. f3 Bc3 23. fxe4 Bxe1 24. Rxe1 Bxe4 25. Bd1 d5 26. Bb3 dxc4 27.
Bxc4+ Bd5 28. Ba6 Rae8 29. Rc1 Re4 30. Bf2 Rfe8 31. a3 g5 32. Bb7 g4 33. hxg4
Rxg4 34. g3 Rg6 35. Rc3 Rh6 36. Be3 Rg6 37. Bf4 Re2 38. Kf1 0-1

[Event "East Lansing (MOR/5/7)"]
[Site "?"]
[Date "1993.??.??"]
[Round "?"]
[White "Basas, J."]
[Black "Post, Robert"]
[Result "1-0"]
[WhiteElo "1650"]
[BlackElo "1740"]
[PlyCount "77"]
[EventDate "1993.??.??"]

{5/(7)} 1. e4 g6 2. Nf3 d6 3. d4 Bg7 4. Bc4 Nf6 5. Nc3 O-O 6. O-O Nbd7 7. Bg5
h6 8. Be3 Ng4 9. Nh4 Nxe3 10. fxe3 e6 11. Nf3 Nb6 12. Bd3 c5 13. Qe2 Bd7 14.
Rad1 Qe7 15. Bb5 cxd4 16. exd4 a6 17. Bd3 Rac8 18. Qf2 d5 19. e5 Nc4 20. Bxc4
Rxc4 21. Rd3 Rfc8 22. Nd2 R4c7 23. Rg3 b5 24. a3 a5 25. Nb3 b4 26. axb4 axb4
27. Nd1 Rxc2 28. Qf4 Bb5 29. Re1 Ba4 30. Nc5 R8xc5 31. dxc5 Qxc5+ 32. Nf2 Rxb2
33. Rf3 Qc7 34. Qd4 Bxe5 35. Qd3 Qb8 36. Ng4 Bg7 37. Qe3 h5 38. Rxf7 Kxf7 39.
Qxe6+ 1-0

[Event "Troy (TCC/B/1b/3)"]
[Site "?"]
[Date "1993.??.??"]
[Round "?"]
[White "Basas, J."]
[Black "Morabito, Matthew"]
[Result "1-0"]
[WhiteElo "1650"]
[BlackElo "1760"]
[PlyCount "93"]
[EventDate "1993.??.??"]

1. e4 c5 2. Nf3 Nc6 3. d4 cxd4 4. Nxd4 g6 5. c3 Bg7 6. Be3 Nf6 7. Nd2 O-O 8.
Bd3 d5 9. f3 a6 10. Qc2 e5 11. Nxc6 bxc6 12. O-O Be6 13. Rad1 d4 14. Bf2 c5 15.
Bh4 Qb6 16. Nc4 Bxc4 17. Bxc4 Rab8 18. Rd2 Rb7 19. Bg3 Nh5 20. Bf2 Qf6 21. Be1
Bh6 22. Rd1 Rfb8 23. b3 a5 24. g3 Be3+ 25. Kh1 a4 26. Bd2 axb3 27. axb3 Bxd2
28. Qxd2 Ra7 29. cxd4 cxd4 30. Bd5 Rb6 31. Rf2 Rba6 32. b4 Ra3 33. Rdf1 Rc3 34.
f4 exf4 35. g4 Ng7 36. Rxf4 Qe5 37. Rxf7 Rxf7 38. Rxf7 Ne6 39. Re7 Qf6 40.
Bxe6+ Kh8 41. Rf7 Qe5 42. Bd5 d3 43. Qh6 Rc1+ 44. Qxc1 Qe8 45. Qh6 Qg8 46. Rf8
d2 47. Rxg8# 1-0

[Event "Flint (MI Senior/2)"]
[Site "?"]
[Date "1993.??.??"]
[Round "?"]
[White "Basas, J."]
[Black "Mayer, Raymond"]
[Result "1-0"]
[WhiteElo "1655"]
[BlackElo "1605"]
[PlyCount "63"]
[EventDate "1993.??.??"]

1. e4 e5 2. Nf3 Nc6 3. Bb5 a6 4. Ba4 Nf6 5. d3 Be7 6. O-O O-O 7. Bxc6 bxc6 8.
Nxe5 Bb7 9. Nc3 d5 10. Ng4 Qd7 11. Nxf6+ Bxf6 12. Be3 d4 13. Na4 dxe3 14. fxe3
Qd6 15. d4 Rfe8 16. e5 Bxe5 17. dxe5 Qxe5 18. Rf3 Rad8 19. Qf1 Rd7 20. Re1 c5
21. Rf5 Qd6 22. Nxc5 Bc8 23. Nxd7 Qxd7 24. Rf4 f6 25. a3 Re6 26. Rd4 Qe7 27.
Qc4 Kh8 28. Red1 Rd6 29. Rxd6 Qxe3+ 30. Kh1 h6 31. Rd8+ Kh7 32. Rxc8 1-0

[Event "Troy (TCC/B/3/6)"]
[Site "?"]
[Date "1993.??.??"]
[Round "?"]
[White "Basas, J."]
[Black "Marinelli, Philip"]
[Result "1-0"]
[WhiteElo "1650"]
[BlackElo "1790"]
[PlyCount "65"]
[EventDate "1993.??.??"]

{3/(6)} 1. e4 e5 2. Nf3 Nc6 3. Bb5 Nf6 4. O-O Bc5 5. d3 d6 6. Nc3 a6 7. Ba4 O-O
8. Bg5 h6 9. Bh4 b5 10. Bb3 g5 11. Nxg5 hxg5 12. Bxg5 Be6 13. Nd5 Bxd5 14. Bxd5
Nxd5 15. Bxd8 Raxd8 16. exd5 Ne7 17. Re1 Nxd5 18. Qg4+ Kh7 19. Qe4+ f5 20. Qxd5
Rf6 21. c3 Rdf8 22. d4 Bb6 23. dxe5 c6 24. Qd3 dxe5 25. Rxe5 R8f7 26. Rae1 Kg8
27. Qg3+ Rg7 28. Re8+ Kh7 29. Rh8+ Kxh8 30. Qh4+ Rh6 31. Qxh6+ Kg8 32. Re8+ Kf7
33. Qe6# 1-0

[Event "East Lansing (MOR/1b/14)"]
[Site "?"]
[Date "1993.??.??"]
[Round "?"]
[White "Basas, J."]
[Black "Friedland, J."]
[Result "1-0"]
[WhiteElo "1650"]
[BlackElo "1605"]
[PlyCount "55"]
[EventDate "1993.??.??"]

1. e4 e5 2. Nf3 Nc6 3. Bb5 a6 4. Ba4 Nf6 5. Nc3 Bc5 6. O-O O-O 7. d3 h6 8. Bxc6
dxc6 9. Nxe5 Re8 10. Nf3 Bg4 11. h3 Be6 12. d4 Bb4 13. e5 Nd5 14. Ne4 Bf5 15.
Ng3 Qd7 16. c3 Nxc3 17. bxc3 Bxc3 18. Be3 Bxa1 19. Qxa1 Rad8 20. Qc1 Kh7 21.
Nh4 Bd3 22. Rd1 Bb5 23. Nhf5 Ba4 24. Bxh6 g6 25. Bg7 f6 26. Qh6+ Kg8 27. Qxg6
Bxd1 28. Nh6# 1-0

[Event "Lansing (MI Am/4)"]
[Site "?"]
[Date "1993.??.??"]
[Round "?"]
[White "Basas, J."]
[Black "Emke, Robert"]
[Result "1/2-1/2"]
[WhiteElo "1655"]
[BlackElo "1960"]
[PlyCount "78"]
[EventDate "1993.??.??"]

1. e4 e6 2. Nf3 d5 3. e5 c5 4. c3 Nc6 5. d4 cxd4 6. cxd4 Bb4+ 7. Nc3 Nge7 8.
Bg5 Qa5 9. Qd2 Nf5 10. a3 a6 11. g4 Nfe7 12. Rc1 Bxc3 13. Rxc3 Qd8 14. Bd3 h6
15. Bh4 Qb6 16. O-O Bd7 17. Bc2 Na5 18. b3 Rc8 19. Rxc8+ Bxc8 20. Qf4 Ng6 21.
Bxg6 fxg6 22. Qd2 O-O 23. Ne1 Nc6 24. Nc2 Qxb3 25. Nb4 Bd7 26. Nxc6 Bxc6 27.
Be7 Rf7 28. Bc5 Qh3 29. f3 Rxf3 30. Rxf3 Qxf3 31. Qg2 Qd1+ 32. Kf2 Bb5 33. Ke3
Qe1+ 34. Kf3 Bd3 35. Qf2 Qxf2+ 36. Kxf2 g5 37. Bb6 Bb5 38. Kg3 Kf7 39. Kf2 Ke8
1/2-1/2

[Event "Lansing (MI Am/1)"]
[Site "?"]
[Date "1993.??.??"]
[Round "?"]
[White "Basas, J."]
[Black "Calabria, John"]
[Result "1-0"]
[WhiteElo "1655"]
[BlackElo "1605"]
[PlyCount "47"]
[EventDate "1993.??.??"]

1. d4 d5 2. c4 e6 3. Nc3 Nf6 4. Nf3 Nbd7 5. Bf4 Bb4 6. Qa4 a5 7. Nd2 O-O 8. e3
Nb6 9. Qc2 dxc4 10. Nxc4 Nbd5 11. Bg5 h6 12. h4 Nxc3 13. bxc3 Bd6 14. Rd1 Bd7
15. Ne5 c5 16. Nxd7 Qxd7 17. Bxf6 gxf6 18. dxc5 Kh8 19. Rxd6 Qc7 20. Qd2 Qxc5
21. e4 Rac8 22. Qxh6+ Kg8 23. Rd3 Rfd8 24. Rg3+ 1-0

[Event "East Lansing (MOR/3/6)"]
[Site "?"]
[Date "1993.??.??"]
[Round "?"]
[White "Basas, J."]
[Black "Blake, J."]
[Result "1-0"]
[WhiteElo "1650"]
[BlackElo "1740"]
[PlyCount "97"]
[EventDate "1993.??.??"]

{3/(6)} 1. e4 c5 2. Nf3 d6 3. Nc3 Nc6 4. Bb5 Bd7 5. d4 cxd4 6. Nxd4 Nf6 7. O-O
a6 8. Ba4 e6 9. Re1 Rc8 10. Nxc6 Bxc6 11. Bxc6+ Rxc6 12. Qf3 Qc7 13. Qg3 Nh5
14. Qd3 Be7 15. Qh3 g6 16. Bh6 Bf6 17. Nd5 Qd8 18. Nxf6+ Qxf6 19. c3 Ng7 20. f4
Rc5 21. Bg5 Rxg5 22. fxg5 Qxg5 23. Qe3 Qb5 24. Re2 O-O 25. Rf1 Ne8 26. Ref2 Qd7
27. Qd4 e5 28. Qd5 Kg7 29. Rf3 Kg8 30. c4 b6 31. Rb3 Qc7 32. a4 Kg7 33. a5 Nf6
34. Rxf6 Kxf6 35. Rxb6 Rd8 36. b4 Rd7 37. c5 Ke7 38. c6 Qc8 39. cxd7 Qc1+ 40.
Kf2 Qf4+ 41. Kg1 Qe3+ 42. Kf1 Qf4+ 43. Kg1 Qe3+ 44. Kf1 Qf4+ 45. Ke2 Qg4+ 46.
Ke1 Qh4+ 47. g3 Qxh2 48. Qxd6+ Kd8 49. Rb8# 1-0

[Event "Troy (TCC/C/2/8)"]
[Site "?"]
[Date "1993.??.??"]
[Round "?"]
[White "Barnhart, P."]
[Black "Jagodzinski, J."]
[Result "0-1"]
[WhiteElo "1605"]
[BlackElo "1605"]
[PlyCount "80"]
[EventDate "1993.??.??"]

{2/(8)} 1. e4 e5 2. Nf3 Nc6 3. Bb5 d6 4. O-O Nf6 5. Re1 Bd7 6. c3 a6 7. Ba4 b5
8. Bb3 Bg4 9. h3 Bh5 10. d3 Be7 11. Be3 O-O 12. Nbd2 Qc8 13. Rc1 Na5 14. d4 Nd7
15. Bc2 Nc4 16. Nxc4 bxc4 17. b3 Rd8 18. bxc4 c5 19. g4 Bg6 20. d5 Nf6 21. Nd2
h5 22. f3 Nh7 23. Qe2 Ng5 24. Qg2 Nh7 25. f4 exf4 26. Bxf4 Bg5 27. Qg3 Bxf4 28.
Qxf4 hxg4 29. hxg4 Ra7 30. e5 dxe5 31. Rxe5 Bxc2 32. Rxc2 Nf8 33. Ne4 Ng6 34.
Qg5 Nxe5 35. Qxe5 Re8 36. Qf4 Qb8 37. d6 Qb1+ 38. Rc1 Qxe4 39. Qxe4 Rxe4 40.
Rd1 Rd7 0-1

[Event "Flint (MI Jr/2)"]
[Site "?"]
[Date "1993.??.??"]
[Round "?"]
[White "Barker, Scott"]
[Black "Vaka, Flamur"]
[Result "1/2-1/2"]
[WhiteElo "1605"]
[BlackElo "1635"]
[PlyCount "143"]
[EventDate "1993.??.??"]

1. e4 c6 2. Nc3 d5 3. exd5 cxd5 4. Bb5+ Bd7 5. Bxd7+ Qxd7 6. d3 e6 7. a3 Bd6 8.
Qg4 Bf8 9. Bf4 Nf6 10. Qg3 Nh5 11. Qg4 Nxf4 12. Qxf4 Bd6 13. Qd4 O-O 14. Nf3
Nc6 15. Qg4 Ne7 16. O-O Rac8 17. Rac1 a6 18. Ne2 Ng6 19. Ng3 Bf4 20. Rce1 Rxc2
21. Nh5 Bd6 22. Qd4 f6 23. b4 Qf7 24. Qb6 Rc6 25. Qe3 Rfc8 26. Rc1 Ne7 27. Nf4
e5 28. Ne2 Qg6 29. Nh4 Qh5 30. g3 d4 31. Qd2 Qf7 32. Nf3 Qb3 33. Ra1 Rc2 34.
Qd1 Qe6 35. Nexd4 exd4 36. Nxd4 Qd5 37. Nxc2 Be5 38. Rc1 Rd8 39. Ne3 Qxd3 40.
Qxd3 Rxd3 41. Nc4 Nc6 42. Nxe5 Nxe5 43. Rc8+ Kf7 44. Ra1 Rd7 45. Rac1 Rd3 46.
R8c7+ Kg6 47. Rxb7 Rxa3 48. Rc5 Rb3 49. Ra5 Nc6 50. Rxa6 Rxb4 51. Rxb4 Nxb4 52.
Ra4 Nd3 53. Rg4+ Kf7 54. h4 Ne5 55. Re4 Kg6 56. Kg2 Kf5 57. Ra4 Kg6 58. Ra7 h5
59. f4 Nc6 60. Rb7 Nd4 61. Rd7 Nf5 62. Kf3 Nh6 63. Rc7 Nf5 64. Rd7 Nh6 65. Ke4
Ng4 66. Rd5 Nf2+ 67. Kf3 Ng4 68. f5+ Kh6 69. Rd6 Ne5+ 70. Kf4 Ng4 71. Kf3 Kh7
72. Kf4 1/2-1/2

[Event "Flint (Class DE/3)"]
[Site "?"]
[Date "1993.??.??"]
[Round "?"]
[White "Barker, Scott"]
[Black "Ulrich, J."]
[Result "1-0"]
[WhiteElo "1605"]
[BlackElo "1605"]
[PlyCount "93"]
[EventDate "1993.??.??"]

1. e4 e5 2. Nc3 Nc6 3. Nf3 Bb4 4. Bb5 Bxc3 5. Bxc6 bxc6 6. dxc3 Nf6 7. O-O O-O
8. Nxe5 Nxe4 9. Qg4 d6 10. Qxe4 dxe5 11. Qxe5 Re8 12. Qg3 Re6 13. Bf4 g5 14.
Bxc7 Qd5 15. Rad1 Qe4 16. f3 Qe3+ 17. Qf2 Qxf2+ 18. Kxf2 Bb7 19. Rd8+ Rxd8 20.
Bxd8 Rd6 21. Bxg5 Rd5 22. Be3 a5 23. Re1 Re5 24. Bd4 Rxe1 25. Kxe1 Ba6 26. Kd2
a4 27. a3 Bc4 28. f4 Bd5 29. g4 h6 30. h4 Kh7 31. g5 h5 32. Kd3 Kg6 33. c4 Be6
34. b4 Kf5 35. b5 Bd7 36. Bf2 Ke6 37. Kd4 Kd6 38. c5+ Kc7 39. b6+ Kb7 40. Kc4
Be6+ 41. Kb4 Kb8 42. Kxa4 Kb7 43. Ka5 Bc4 44. Kb4 Bb5 45. a4 Ba6 46. a5 Bb5 47.
f5 1-0

[Event "Flint (MI Jr/4)"]
[Site "?"]
[Date "1993.??.??"]
[Round "?"]
[White "Barker, Scott"]
[Black "Smith, Lester"]
[Result "0-1"]
[WhiteElo "1605"]
[BlackElo "1605"]
[PlyCount "110"]
[EventDate "1993.??.??"]

1. e4 e5 2. Nf3 Bc5 3. a3 c6 4. d4 exd4 5. b4 Bb6 6. Bb2 c5 7. bxc5 Bxc5 8.
Bxd4 Qa5+ 9. Qd2 Qxd2+ 10. Nbxd2 Bxd4 11. Nxd4 Nf6 12. Nb5 Na6 13. Nd6+ Ke7 14.
Nxc8+ Rhxc8 15. Bxa6 bxa6 16. Rc1 d5 17. exd5 Nxd5 18. O-O Rc3 19. Nb1 Rc6 20.
Rfe1+ Kf8 21. Rcd1 Nc3 22. Nxc3 Rxc3 23. Rc1 Rxa3 24. c4 Rc8 25. Re2 Rxc4 26.
Rce1 Rc8 27. g3 Rac3 28. Ra2 Rc1 29. Kf1 Rxe1+ 30. Kxe1 Rc6 31. Ke2 Ke7 32. Rb2
Rb6 33. Rd2 a5 34. Rd4 Ra6 35. Ra4 Kd6 36. Kd3 Kc5 37. Kc3 Kb5 38. Rc4 Rc6 39.
Rxc6 Kxc6 40. Kb3 Kb5 41. h4 a4+ 42. Kb2 Kb4 43. f4 f5 44. h5 h6 45. Ka2 a3 46.
g4 fxg4 47. f5 g3 48. f6 gxf6 49. Kb1 Kc3 50. Ka2 g2 51. Kxa3 g1=Q 52. Ka2 Qf2+
53. Ka3 Qb2+ 54. Ka4 Kc4 55. Ka5 Qb5# 0-1

[Event "Flint (Class DE/5)"]
[Site "?"]
[Date "1993.??.??"]
[Round "?"]
[White "Barker, Scott"]
[Black "Scott, A."]
[Result "1/2-1/2"]
[WhiteElo "1605"]
[BlackElo "1605"]
[PlyCount "104"]
[EventDate "1993.??.??"]

1. e4 e5 2. Nf3 d6 3. Bc4 Bg4 4. h3 Bh5 5. d3 Nc6 6. Be3 Nf6 7. Nbd2 Qd7 8. c3
d5 9. exd5 Nxd5 10. Qb3 O-O-O 11. d4 exd4 12. cxd4 Nxe3 13. fxe3 Na5 14. Qb5
Nxc4 15. Qxd7+ Rxd7 16. Nxc4 Bxf3 17. gxf3 Be7 18. O-O-O Re8 19. e4 Bg5+ 20.
Kc2 Bf6 21. d5 g6 22. b3 Bg7 23. Rhe1 f5 24. exf5 Rxe1 25. Rxe1 gxf5 26. Re8+
Rd8 27. Rxd8+ Kxd8 28. Kd3 Kd7 29. a4 c6 30. d6 Bf8 31. Kd4 Bxd6 32. Nxd6 Kxd6
33. h4 h5 34. b4 f4 35. Ke4 b6 36. Kxf4 c5 37. bxc5+ bxc5 38. Ke3 c4 39. f4 Kd5
40. f5 Ke5 41. f6 Kxf6 42. Kd4 Kf5 43. Kxc4 Kg4 44. Kb5 Kxh4 45. Ka6 Kg4 46. a5
h4 47. Kxa7 h3 48. a6 h2 49. Kb8 h1=Q 50. a7 Qh8+ 51. Kb7 Qh1+ 52. Kb6 Qh7
1/2-1/2

[Event "Flint (MI Jr/2)"]
[Site "?"]
[Date "1993.??.??"]
[Round "?"]
[White "Barker, Kyle"]
[Black "Sweet, J."]
[Result "1-0"]
[WhiteElo "1605"]
[BlackElo "1605"]
[PlyCount "41"]
[EventDate "1993.??.??"]

1. d4 d5 2. Nf3 Bg4 3. Ne5 Nc6 4. Nxg4 Qd7 5. e3 Nb4 6. c3 Nc2+ 7. Qxc2 Qxg4 8.
Na3 e6 9. Nb5 Bd6 10. Qa4 c6 11. Nxd6+ Kd7 12. Nxf7 Ke7 13. Ne5 Qf5 14. g4 b5
15. Qb4+ c5 16. Qxc5+ Kf6 17. gxf5 exf5 18. Qc6+ Ke7 19. Rg1 Rd8 20. Rxg7+ Kf8
21. Rf7# 1-0

[Event "Flint (MI Jr/4)"]
[Site "?"]
[Date "1993.??.??"]
[Round "?"]
[White "Barker, Kyle"]
[Black "Soto, O."]
[Result "1-0"]
[WhiteElo "1605"]
[BlackElo "1605"]
[PlyCount "51"]
[EventDate "1993.??.??"]

1. d4 d5 2. Nc3 Bf5 3. Bf4 e6 4. a3 Nc6 5. e3 a6 6. Qe2 Nf6 7. Rd1 Bd6 8. Bg5
h6 9. e4 dxe4 10. Bxf6 Qxf6 11. Nxe4 Bxe4 12. Qxe4 O-O 13. Bd3 g6 14. Nf3 Rfe8
15. O-O e5 16. d5 Nd4 17. Nh4 c6 18. dxc6 Nxc6 19. Bc4 Kg7 20. g3 Rac8 21. Bd5
h5 22. Rd3 Be7 23. Rf3 Qg5 24. Rxf7+ Kh8 25. Nxg6+ Kg8 26. Rxe7# 1-0

[Event "Troy (TCC/DEU/4/6)"]
[Site "?"]
[Date "1993.??.??"]
[Round "?"]
[White "Bannister, K."]
[Black "Wozniak, J."]
[Result "0-1"]
[WhiteElo "1605"]
[BlackElo "1605"]
[PlyCount "110"]
[EventDate "1993.??.??"]

{4/(6)} 1. Nf3 Nf6 2. d4 g6 3. e3 d5 4. c3 Bg7 5. Nbd2 O-O 6. Ne5 Bf5 7. Be2
Nbd7 8. Ndf3 c6 9. Nh4 Be6 10. f4 Ne4 11. Bg4 Bxg4 12. Qxg4 Nxe5 13. fxe5 Qc8
14. Qxc8 Raxc8 15. O-O e6 16. Nf3 f6 17. Nd2 Nxd2 18. Bxd2 fxe5 19. Rae1 e4 20.
Rc1 Rxf1+ 21. Rxf1 e5 22. Be1 Rf8 23. Bf2 exd4 24. exd4 Bh6 25. Re1 Re8 26. Bg3
e3 27. b4 Re4 28. Kf1 Bf4 29. Bxf4 Rxf4+ 30. Ke2 Rf2+ 31. Kxe3 Rxg2 32. a4 Rxh2
33. Kd3 Rh3+ 34. Kc2 Kf7 35. Rf1+ Kg7 36. Re1 Rf3 37. Re8 Rf7 38. b5 g5 39.
bxc6 bxc6 40. Rc8 g4 41. Rxc6 g3 42. Re6 g2 43. Re1 Rf1 44. Re7+ Kf6 45. Rxa7
Rf2+ 46. Kb3 g1=Q 47. Kb4 Rb2+ 48. Kc5 Qc1 49. Kxd5 Qxc3 50. Rxh7 Qa5+ 51. Kc4
Qxa4+ 52. Kd5 Rb5+ 53. Kc6 Qa6+ 54. Kd7 Rb7+ 55. Ke8 Qa8# 0-1